000 00751nam a2200289Ia 4500
005 20260324130408.0
008 008 260324s9999 xx 000 0 eng d
020 _a9780203836446
037 _aEBOOK
040 _aCRL
040 _beng
040 _cCRL
041 _2eng
041 _aeng
084 _qCRL
100 _aJoel K. Simon; Thorana S. Nelson
_91181601
245 0 _aSolution-Focused Brief Practice with Long-Term Clients in Mental Health Services
245 0 _b"I Am More Than My Label"
260 _bTaylor and Francis
260 _c2007
365 _a
365 _b170
856 _uhttp://www.taylorfrancis.com/books/9780203836446
942 _cEBOOK
999 _c1777758
_d1777758